| 000 | 01448nam a2200373 a 4500 | ||
|---|---|---|---|
| 001 | ebr10271651 | ||
| 003 | CaPaEBR | ||
| 006 | m u | ||
| 007 | cr cn||||||||| | ||
| 008 | 050929s2005 enk sb 001 0 eng d | ||
| 010 | _z 2005296181 | ||
| 015 |
_aGBA518059 _2bnb |
||
| 016 | 7 |
_z013124254 _2Uk |
|
| 020 | _z0199274851 (hbk.) | ||
| 020 | _z9780199274857 | ||
| 040 |
_aCaPaEBR _cCaPaEBR |
||
| 035 | _a(OCoLC)311081122 | ||
| 050 | 1 | 4 |
_aBR65.A9 _bA845 2005eb |
| 082 | 0 | 4 |
_a230.041 _222 |
| 245 | 0 | 0 |
_aAugustine and the disciplines _h[electronic resource] : _bfrom Cassiciacum to Confessions / _cedited by Karla Pollman and Mark Vessey. |
| 260 |
_aOxford ; _aNew York : _bOxford University Press, _c2005. |
||
| 300 | _axi, 258 p. | ||
| 504 | _aIncludes bibliographical references (p. [232]-244) and indexes. | ||
| 533 |
_aElectronic reproduction. _bPalo Alto, Calif. : _cebrary, _d2013. _nAvailable via World Wide Web. _nAccess may be limited to ebrary affiliated libraries. |
||
| 600 | 0 | 0 |
_aAugustine, _cSaint, Bishop of Hippo. |
| 630 | 0 | 0 |
_aBible _xTheology. |
| 630 | 0 | 0 |
_aBible _xCriticism, interpretation, etc. |
| 650 | 0 |
_aChurch history _yMiddle Ages, 600-1500. |
|
| 655 | 7 |
_aElectronic books. _2local |
|
| 700 | 1 | _aPollmann, Karla. | |
| 700 | 1 | _aVessey, Mark. | |
| 710 | 2 | _aebrary, Inc. | |
| 856 | 4 | 0 |
_uhttp://site.ebrary.com/lib/rucke/Doc?id=10271651 _zAn electronic book accessible through the World Wide Web; click to view |
| 999 |
_c7507 _d7507 |
||